[Event "Groninger Combinatie op"]
[Site "Groningen"]
[Date "2025.05.31"]
[Round "4"]
[White "Qatina, Waheed"]
[Black "Valiente, Paulo"]
[Result "1/2-1/2"]
[WhiteElo "1722"]
[BlackElo "2027"]
[PlyCount "46"]
[EventDate "2025.05.29"]
[EventType "swiss"]
[EventRounds "7"]
[EventCountry "NED"]
[SourceTitle "CB23_2025"]
[SourceDate "2025.06.04"]
[SourceVersion "1"]
[SourceVersionDate "2025.06.04"]
[SourceQuality "1"]

1. d4 Nf6 2. g3 g6 3. Bg2 Bg7 4. Nf3 0-0 5. 0-0 d6 6. c4 Nbd7 7. Nc3 c5 8. d5 a6 9. Bd2 Rb8 10. a4 Ne8 11. Qc1 Nc7 12. Bh6 b5 13. Bxg7 Kxg7 14. b3 Nf6 15. Nd2 bxc4 16. bxc4 Bd7 17. e4 Qc8 18. Qc2 Bh3 19. a5 Bxg2 20. Kxg2 h5 21. Nf3 Qd7 22. e5 Ng4 23. Rfe1 Rb4 1/2-1/2

[Event "Hoogeveen op 25th"]
[Site "Hoogeveen"]
[Date "2022.10.17"]
[Round "3"]
[White "Cuyvers, Jens"]
[Black "Valiente, Paulo"]
[Result "0-1"]
[WhiteElo "1765"]
[BlackElo "1819"]
[PlyCount "104"]
[EventDate "2022.10.15"]
[EventType "swiss"]
[EventRounds "9"]
[EventCountry "NED"]
[SourceTitle "CBM 210 Extra"]
[Source "ChessBase"]
[SourceDate "2022.11.30"]
[SourceVersion "1"]
[SourceVersionDate "2022.11.30"]
[SourceQuality "1"]

1. e4 d6 2. d4 Nf6 3. Bd3 g6 4. c4 Bg7 5. Nc3 0-0 6. Nge2 c5 7. d5 a6 8. 0-0 b5 9. cxb5 axb5 10. Bxb5 Ba6 11. Bxa6 Nxa6 12. Bf4 Qb6 13. Qd2 Nc7 14. Rab1 Nb5 15. Bh6 Nxc3 16. Nxc3 Qb4 17. Bxg7 Kxg7 18. Qc2 Rfb8 19. a3 Qb3 20. Rfc1 Ng4 21. Qxb3 Rxb3 22. Nd1 Ne5 23. Rc3 Raxa3 24. Kf1 f5 25. exf5 gxf5 26. Ke2 Kf6 27. Rbc1 Rxc3 28. Nxc3 Rb3 29. Rc2 Rb4 30. f3 Nc4 31. Nd1 f4 32. g3 Nb6 33. Nc3 Ke5 34. gxf4+ Kxf4 35. Kf2 Nc4 36. b3 Ne5 37. Ne2+ Kf5 38. Ng3+ Kg6 39. Rc3 Rh4 40. Kg2 Rd4 41. Ne2 Rd2 42. Re3 Kf7 43. Kg3 Rxd5 44. f4 Nc6 45. Nc3 Rd4 46. Ne4 h6 47. Kg4 e5 48. Kf3 exf4 49. Rc3 Ke6 50. Nf2 Ne5+ 51. Ke2 f3+ 52. Ke3 Kf5 0-1